000 00554nam a2200217Ia 4500
003 OSt
005 20250714111713.0
008 210719s2001 xx 000 0 und d
040 _cAL
041 _aeng
082 _a657.48 RAMF
100 _aB S Raman
_9218564
245 _aFinancial accounting Part I
260 _aMangalore
_bUnited Publishers
_c2001
300 _aviii,1070p.
_bPB
365 _b160
_cRs
650 _aAccountancy
_9218565
650 _aAccountancy
_9218565
906 _aaccounting ; Financial ; I ; Part
942 _2ddc
_cBK
999 _c215455
_d215455